000 00812nam a2200229 i 4500
001 bg
100 1 _aWAWRZYNIAK, Waldemar
245 1 0 _aSacrum w architekturze :
_bparadygmaty kościoła Św. Ducha i zboru zielonoświątkowego we Wrocławiu /
_cWaldemar Wawrzyniak.
260 _aWrocław :
_bOficyna Wydaw. Politechniki Wrocławskiej,
_c1996.
300 _a262, [1] s. :
_bfot., rys. (w tym kolor.) ;
_c24 cm.
504 _aBibliogr. 250-256. - Summ., res., Zsfassung.
650 9 _aArchitektura sakralna polska
651 9 _aWrocław
_xKościół Św. Ducha
651 9 _aWrocław
_xKościół Zboru Zielonoświątkowego
020 _a8370852092
040 _cBPK
041 0 _apl
_benfrde
080 _a726.01
920 _a83-7085-209-2
942 _cKS
008 s pl f |000 0 pol
999 _c31051
_d31051
856 _uhttp://koha.tu.koszalin.pl/cgi-bin/koha/opac-detail.pl?biblionumber=31051
_yKatalog online BPK